书目信息 |
| 题名: |
动物图案设计
|
|
| 作者: | 庄子平 , 任凭 编著 | |
| 分册: | ||
| 出版信息: | 沈阳 辽宁美术出版社 1999 |
|
| 页数: | 183页 | |
| 开本: | 17×19cm | |
| 丛书名: | 图案基础教程 | |
| 单 册: | ||
| 中图分类: | J522.2 , J522 | |
| 科图分类: | ||
| 主题词: | 动物画--图案--技法(美术)--教材 | |
| 电子资源: | ||
| ISBN: | 7-5314-2014-7 | |
| 000 | 00714nam2 2200253 450 | |
| 001 | 1547160575 | |
| 005 | 20150118130626.48 | |
| 010 | @a7-5314-2014-7@dCNY22.00 | |
| 100 | @a20021005d1999 em y0chiy0110 ea | |
| 101 | 0 | @achi |
| 102 | @aCN@b210000 | |
| 105 | @aa z 000yy | |
| 200 | 1 | @a动物图案设计@9dong wu tu an she ji@f庄子平,任凭编著 |
| 210 | @a沈阳@c辽宁美术出版社@d1999 | |
| 215 | @a183页@d17×19cm | |
| 225 | 2 | @a图案基础教程 |
| 461 | 0 | @12001 @a图案基础教程 |
| 606 | 0 | @a动物画@x图案@x技法(美术)@x教材 |
| 690 | @aJ522.2@v5 | |
| 690 | @aJ522@v4 | |
| 701 | 0 | @a庄子平@9zhuang zi ping@f(1958~)@4编著 |
| 701 | 0 | @a任凭@9ren ping@4编著 |
| 801 | 0 | @aCN@bTSSF@c20150118 |
| 905 | @aZUCC@dJ522@eJY98 | |
| 动物图案设计/庄子平,任凭编著.-沈阳:辽宁美术出版社,1999 |
| 183页;17×19cm.-(图案基础教程) |
| ISBN 7-5314-2014-7:CNY22.00 |
| ● |
| 相关链接 |
|
|
|
|
正题名:动物图案设计
索取号:J522/JY98
 
预约/预借
| 序号 | 登录号 | 条形码 | 馆藏地/架位号 | 状态 | 备注 |
| 1 | 7852736 | 278527364 | 学院路分馆/ [索取号:J522/JY98] | 在馆 |